• 首页
  • 本馆介绍
  • 公告通知
  • 最新文献
  • 馆藏检索
  • 电子资源
  • 读者导购
  • 参考咨询
  • 我的图书馆
  • 登录
  • 详细信息显示
  • 放入我的书架
  • 预约/预借图书
  • 作者相关作品
  • 分类相关作品
  • 丛书相关作品
  • 出版社相关作品

书目信息

  • 表格格式
  • 工作单格式
  • 卡片格式
题名:
初级和声教程
    
 
作者: 杨通八 编著
分册:  
出版信息: 北京   高等教育出版社  1994.6
页数: 234页
开本: 26cm
丛书名:
单 册:
中图分类: J614.1
科图分类:
主题词: 音乐--技术--理论 , 音乐--技术--方法
电子资源:
ISBN: 7-04-004645-8
000 00519nam0 2200205 45
001 0002211482
005 20040517093734.2
010    @a7-04-004645-8@dCNY11.80
100    @a20000221d1994 km y0chiy0120 ea
101    @achi
105    @a z 000yy
200 1  @a初级和声教程@f杨通八编著
210    @a北京@c高等教育出版社@d1994.6
215    @a234页@d26cm
606 0  @a音乐@x技术@x理论
606 0  @a音乐@x技术@x方法
690    @aJ614.1@v1
701    @a杨通八@4编著
801    @aCN@bTSTC@c20000221
905    @dJ614.1@e147
    
    初级和声教程/杨通八编著.-北京:高等教育出版社,1994.6
    234页;26cm
    
    
    ISBN 7-04-004645-8:CNY11.80
    
●
相关链接 在E读中查询图书 在五车中查询图书 在当当中查询图书 在豆瓣中查询图书


正题名:初级和声教程     索取号:J614.1/147         预约/预借

序号 登录号 条形码 馆藏地/架位号 状态 备注
1 0284918   002849181   第一借阅区/ [索取号:J614.1/147] 在馆    
2 0284919   002849190   第一借阅区/ [索取号:J614.1/147] 在馆    
3 0284920   002849207   第一借阅区/ [索取号:J614.1/147] 在馆    
4 0284921   002849216   第一借阅区/ [索取号:J614.1/147] 在馆    
5 0284922   002849225   第一样本阅览室/ [索取号:J614.1/147] 在馆    
唐山师范学院图书馆 欢迎您!
大连网信软件有限公司© 版权所有